Wiley international encyclopedia of marketing

Salvato in:
Dettagli Bibliografici
Altri autori: Sheth, Jagdish N., Malhotra, Naresh K.
Natura: Libro
Lingua:inglese
Pubblicazione: Chichester Wiley 2011
Soggetti:
Tags: Aggiungi Tag
Nessun Tag, puoi essere il primo ad aggiungerne!!

MARC

LEADER 00000nam a2200000 4500
001 0146521
005 20240313134458.8
020 |a 978-1-405-16178-7 
041 0 |a eng 
044 |a GB 
245 1 0 |a Wiley international encyclopedia of marketing  |c editors in chief: Jagdish N. Sheth, Naresh K. Malhotra 
264 1 |a Chichester  |b Wiley  |c 2011 
300 |a 77 s. 
610 2 0 |a články 
610 2 0 |a terminológia 
700 1 |a Sheth, Jagdish N. 
700 1 |a Malhotra, Naresh K.